000 00696cam a22001811 4500
001 map44000111
003 DLC
005 20260227111555.0
008 770317s1873 iluab 00010 eng
010 _amap44000111 //r922
040 _aDLC
_cCtY
_dDLC
110 1 0 _aEverts, Baskin and Stewart.
245 0 0 _aCombination atlas map of Rock county, Wisconsin.
_cCompiled, drawn and published from personal examinations and surverys, by Everts, Baskin and Stewart.
260 0 _aChicago, Ill.,
_c1873.
300 _a92 (i.e. 93) numb. l. (2 fold.), 93-105 p.
_bincl. 25 col. maps, illus.
_c44 x 36 cm.
651 0 _aRock County (Wis.)
_xMaps.
650 0 _aReal property
_zWisconsin
_zRock County
_xMaps.
999 _c37781
_d37781